[Event "22nd Caen Alekhine Open A"]
[Site "Caen FRA"]
[Date "2012.11.04"]
[Round "6.6"]
[White "Demanghon,J"]
[Black "Marie,M"]
[Result "0-1"]
[WhiteElo "2197"]
[BlackElo "2169"]

1.d4 Nf6 2.c4 e6 3.g3 Bb4+ 4.Bd2 a5 5.Bg2 d5 6.Nf3 O-O 7.O-O b6 8.cxd5 exd5
9.Bf4 Bb7 10.Qc2 Nc6 11.Nc3 Re8 12.Nb5 Bd6 13.Nxd6 cxd6 14.Bg5 h6 15.Bxf6 Qxf6
16.Rfd1 Nb4 17.Qd2 Rac8 18.Ne1 Ba6 19.Bf3 g5 20.b3 Qf5 21.g4 Qe6 22.e3 Kg7
23.Rdc1 Nc6 24.Rc3 Ne7 25.Rac1 Ng6 26.Ng2 Ne7 27.Rxc8 Rxc8 28.Rxc8 Qxc8 29.h3 Qc6
30.h4 Ng6 31.h5 Ne7 32.Bd1 Ng8 33.Qc2 Qb5 34.Kh2 Qf1 35.Kg3 Nf6 36.Bf3 Bd3
37.Qd1 Ne4+  0-1

[Event "TCh-HUN 2012-13"]
[Site "Nagykanizsa HUN"]
[Date "2012.11.04"]
[Round "3"]
[White "Krutti,V"]
[Black "Keresztes,R"]
[Result "1-0"]
[WhiteElo "2352"]
[BlackElo "2237"]

1.d4 Nf6 2.c4 e6 3.g3 Bb4+ 4.Bd2 Qe7 5.Nc3 O-O 6.Bg2 Nc6 7.Nf3 a5 8.O-O d6
9.Rc1 h6 10.a3 Bxc3 11.Bxc3 e5 12.d5 Nb8 13.c5 Ne4 14.cxd6 cxd6 15.Nd2 Nxd2
16.Qxd2 a4 17.f4 Nd7 18.Bb4 exf4 19.gxf4 Nf6 20.Rc4 b5 21.Rc6 Rd8 22.Qd3 Ng4
23.Rf3 Bb7 24.Rb6 Qc7 25.Qd4 Nf6 26.Rc3 Qe7 27.e4 Rac8 28.e5 Rxc3 29.bxc3 Ne8
30.Rxb5 Qd7 31.c4 Ba8 32.Ra5 Qf5 33.Qe4 Qg4 34.h3 Qd1+ 35.Kh2 Bb7 36.Ra7 Bc8
37.Bxd6 Nxd6 38.exd6 Qc1 39.Ra8 f5 40.Qd4 Kh7 41.c5 Re8 42.Ra7  1-0

[Event "Subzonal 2.3 2012"]
[Site "Pamplona COL"]
[Date "2012.11.05"]
[Round "1.10"]
[White "Ojeda,Je"]
[Black "Uribe,M"]
[Result "0-1"]
[WhiteElo "2082"]
[BlackElo "2354"]

1.d4 Nf6 2.c4 e6 3.g3 Bb4+ 4.Bd2 Qe7 5.Bg2 O-O 6.a3 Bxd2+ 7.Qxd2 d5 8.cxd5 exd5
9.Nc3 c6 10.Nf3 Bf5 11.O-O Re8 12.Qf4 Bg6 13.Ne5 Nbd7 14.Nxg6 hxg6 15.Rfe1 Nf8
16.Rad1 Ne6 17.Qd2 Rad8 18.e3 g5 19.f3 c5 20.dxc5 Qxc5 21.Qf2 b5 22.Rd2 a5
23.Red1 b4 24.axb4 axb4 25.Ne2 Qe7 26.Nd4 Nxd4 27.Rxd4 Rc8 28.e4 dxe4 29.fxe4 Ng4
30.Qf3 Ne5 31.Qb3 Rb8 32.Kh1 g4 33.Rd5 Rb6 34.Rf1 Rf6 35.Rxf6 gxf6 36.Qe3 Kg7
37.h4 gxh3 38.Bxh3 Nc4 39.Qf3 Qxe4 40.Qxe4 Rxe4 41.b3 Ne5 42.Rb5 Nf3 43.Kg2 Nd2
44.Kf2 Nxb3 45.Bg2 Re2+ 46.Kg1 Nd4 47.Rxb4 Rd2 48.Ra4 f5 49.Ra3 Kf6 50.Kh2 Kg5
51.Kh3 Ne2 52.Ra7 f4 53.Rxf7 f3 54.g4 Nf4+ 55.Kg3 fxg2 56.Rf5+ Kg6 57.Kh2 Nh3  0-1

[Event "3rd Mendeleev GM"]
[Site "Tyumen RUS"]
[Date "2012.11.07"]
[Round "3"]
[White "Kotsur,P"]
[Black "Tarlev,K"]
[Result "1/2-1/2"]
[WhiteElo "2548"]
[BlackElo "2544"]

1.d4 Nf6 2.c4 e6 3.g3 Bb4+ 4.Bd2 Qe7 5.Bg2 O-O 6.Nc3 d5 7.a3 Bxc3 8.Bxc3 Rd8
9.Nf3 c5 10.Qb3 Nc6 11.cxd5 exd5 12.O-O Ne4 13.Rad1 c4 14.Qc2 f6 15.Rfe1 b5
16.Nd2 Nxc3 17.Qxc3 f5 18.Nf3 a5 19.Ne5 Qd6 20.f4 Be6 21.e3 b4 22.Qc1 Ne7
23.Rd2 Rab8 24.Bf3 bxa3 25.bxa3 Rb3 26.Ra2 Qb6 27.Bd1 a4 28.Rg2 Qa5 29.Bc2 Rxa3
30.g4 Ra2 31.gxf5 Bxf5 32.Bxf5 Rxg2+ 33.Kxg2 Nxf5 34.Nc6 Qb6 35.Nxd8 Qxd8
36.Qc2 Qd7 37.e4 Nxd4 38.Qd1 Ne6 39.Qxd5 Qxd5 40.exd5 Nxf4+ 41.Kf3 Nxd5 42.Ke4 Nf6+
43.Kd4 Kf7 44.Kxc4 g5 45.Kd4 Kg6 46.Ra1 Ng4 47.Ra2 Kf5 48.h3 Nf6 49.Rxa4 Kf4
50.Ra6 Kf5 51.Ke3 Nd5+ 52.Kf3 Nf6 53.Ra5+ Kg6 54.Ke3 Kh5 55.Ra6 Nd5+ 56.Kf3 Nf4
57.h4 Kxh4 58.Rh6+ Nh5 59.Rxh7 g4+ 60.Ke3 Kg5 61.Rh8 Nf6 62.Ra8 Nd5+ 63.Kd4 Nf6
64.Rf8 Kf5 65.Ke3 Kg5 66.Rf7 Kf5 67.Ra7 Nd5+ 68.Kf2 Nf6 69.Ra4 Kg5 70.Ra6 Nh5
71.Ke3 Nf6 72.Rc6 Nh5 73.Ke4 Ng3+ 74.Ke3 Nf5+ 75.Kf2 Kf4 76.Rc4+ Kg5  1/2-1/2

[Event "WY GU18 2012"]
[Site "Maribor SLO"]
[Date "2012.11.08"]
[Round "1.19"]
[White "Lepeskaite,M"]
[Black "Enkhtuul,A"]
[Result "0-1"]
[WhiteElo "1803"]
[BlackElo "2134"]

1.d4 Nf6 2.c4 e6 3.g3 Bb4+ 4.Bd2 Qe7 5.Bg2 O-O 6.Nf3 Bxd2+ 7.Nbxd2 d6 8.Qc2 e5
9.O-O a5 10.Rac1 Nc6 11.e3 Re8 12.dxe5 dxe5 13.Qb3 a4 14.Qc2 e4 15.Nd4 Nb4
16.Qb1 c5 17.Ne2 a3 18.Nc3 axb2 19.Rcd1 Qe5 20.Ndxe4 Nxe4 21.Nxe4 Bf5 22.f3 Rxa2
23.Rd2 Bxe4 24.fxe4 Qc3 25.Re2 g6 26.Kh1 Rea8 27.Ref2 Nd3 28.Rc2 Ra1 29.Rxc3 Rxb1
30.Rb3 Rxf1+ 31.Bxf1 Ra1 32.Kg2 b1=Q  0-1

[Event "38th ch-BAN 2012"]
[Site "Dhaka BAN"]
[Date "2012.11.10"]
[Round "3.3"]
[White "Rahman,Tai"]
[Black "Minhazuddin,A"]
[Result "0-1"]
[WhiteElo "2340"]
[BlackElo "2408"]

1.d4 Nf6 2.c4 e6 3.g3 Bb4+ 4.Bd2 Qe7 5.Bg2 Nc6 6.Nf3 Bxd2+ 7.Nbxd2 d6 8.O-O e5
9.d5 Nb8 10.Nb3 a5 11.Rc1 b6 12.Ne1 h5 13.c5 bxc5 14.Nxc5 h4 15.Na4 Na6 16.Qd2 hxg3
17.hxg3 Bd7 18.Nc3 Kf8 19.Nc2 g6 20.Ne4 Nxe4 21.Bxe4 f5 22.Bg2 Qh7 23.f3 f4
24.gxf4 Qh2+ 25.Kf2 Qh4+ 26.Kg1 Qh2+ 27.Kf2 exf4 28.Rg1 Nc5 29.Na1 Bb5 30.Qd4 Qh4+
31.Kf1 Re8 32.Rc2 Kf7 33.Rh1 Qf6 34.Qxf6+ Kxf6 35.Rxh8 Rxh8 36.Kf2 Rh5 37.Rd2 Re5
38.Bf1 g5 39.Nc2 Bc4 40.e4 Rxe4 41.Bxc4 Rxc4 42.Nd4 Nd7 43.Nb5 Nb6 44.Nc3 Kf5
45.Ke2 Rc5 46.Rd4 Nd7 47.Kd3 Ne5+ 48.Ke2 g4 49.fxg4+ Nxg4 50.Kf3 Ne5+ 51.Kf2 Rc4
52.Rxc4 Nxc4 53.b3 Nb6 54.Kf3 Ke5 55.Nb5 Nxd5 56.a4 c6 57.Na3 Ne3 58.Nb1 Nf5
59.b4 Nd4+ 60.Kf2 axb4 61.Nd2 Kd5 62.a5 c5 63.a6 Kc6 64.Ne4 Kb6  0-1

[Event "WY BU18 2012"]
[Site "Maribor SLO"]
[Date "2012.11.12"]
[Round "5.39"]
[White "Ariunbuuvei,B"]
[Black "Janzelj,T"]
[Result "1-0"]
[WhiteElo "1995"]
[BlackElo "2247"]

1.d4 Nf6 2.c4 e6 3.g3 Bb4+ 4.Bd2 Qe7 5.Bg2 Nc6 6.Nf3 Bxd2+ 7.Nbxd2 O-O 8.O-O d6
9.e4 e5 10.d5 Nb8 11.Ne1 a5 12.Nd3 c6 13.f4 b5 14.h3 bxc4 15.Nxc4 cxd5 16.fxe5 Nxe4
17.Nxd6 Nxd6 18.exd6 Qxd6 19.Nf4 Bb7 20.Bxd5 Qb6+ 21.Rf2 Nd7 22.Bxb7 Qxb7
23.Nh5 Ne5 24.Qd4 f6 25.Raf1 Rad8 26.Qc3 Qb6 27.Kh2 Rd3 28.Qc2 Rfd8 29.Nf4 R3d4
30.Qf5 Rd2 31.Qe6+ Qxe6 32.Nxe6 R8d6 33.Nc5 R2d5 34.Ne4 Rc6 35.g4 Rd4 36.Ng3 h6
37.Nf5 Rd7 38.Re2 Kh7 39.Kg2 Rd3 40.Nh4 a4 41.Nf3 a3 42.Ne1 axb2 43.Rxb2 Rd1
44.Rg1 Rc3 45.Rf2 Rcc1 46.Nf3 Nxf3 47.Rxd1 Nh4+ 48.Kg3 Rxd1 49.Kxh4 Rd3 50.Rh2 Ra3
51.Kh5 g6+ 52.Kh4 Kg7 53.Rh1 Kg8 54.Rb1 Kf7 55.Rb7+ Ke6 56.Rb6+ Ke5 57.Rb5+ Ke4
58.Rb4+ Kd5 59.Rb6 Ke5 60.Rb5+ Kd4 61.Rb6 Rf3 62.a4 Ke5 63.a5 Ra3 64.a6 g5+
65.Kh5 Rxh3+ 66.Kg6 Ra3 67.Rxf6 Ra4 68.Rb6 Kf4 69.Kh5 Ra1 70.Rf6+ Kg3 71.Rxh6 Ra5
72.Rf6 Kh3 73.Rf3+ Kg2 74.Rb3 Kf2 75.a7 Kg2 76.Re3 Kf2 77.Rc3 Kg2 78.Rc8 Rxa7
79.Kxg5 Rg7+ 80.Kh5 Kg3 81.g5 Kf4 82.Kh6 Ra7 83.g6 Kf5 84.Rf8+ Kg4 85.g7 Ra6+
86.Kh7 Kh5 87.g8=Q  1-0

[Event "WY BU18 2012"]
[Site "Maribor SLO"]
[Date "2012.11.12"]
[Round "5.36"]
[White "Mejak,Severin"]
[Black "Stegariu,V"]
[Result "0-1"]
[WhiteElo "2071"]
[BlackElo "2217"]

1.d4 Nf6 2.c4 e6 3.g3 Bb4+ 4.Bd2 Bxd2+ 5.Qxd2 O-O 6.Bg2 d5 7.Nf3 Qe7 8.O-O Rd8
9.Qc2 c6 10.Rd1 b6 11.Nc3 Ba6 12.cxd5 cxd5 13.Ne5 Nfd7 14.e4 Nxe5 15.exd5 Nd3
16.d6 Qxd6 17.Bxa8 Qxd4 18.Be4 f5 19.Bxd3 Bxd3 20.Qb3 Kf7 21.Qa4 Qxa4 22.Nxa4 Ke7
23.Rac1 Na6 24.Nc3 Rd7 25.f3 e5 26.Re1 Kf6 27.Rcd1 Nb4 28.Rd2 Bb5 29.Red1 Rxd2
30.Rxd2 Be8 31.a3 Nc6 32.Nb5 Ke7 33.Kf2 Bd7 34.Nc3 h6 35.b4 Ke6 36.h4 g6
37.Rd1 Ne7 38.Re1 h5 39.Ne2 Kd6 40.Rd1+ Ke6 41.Nc3 Nc6 42.Ke3 Nd4 43.Rxd4 exd4+
44.Kxd4 Bc6 45.f4 Kd6 46.Nd1 Bd5 47.Nf2 b5 48.Nd3 Bf7 49.Nc5 Be8 50.Nd3 Bd7
51.Ne5 Be8 52.Nf3 Bf7 53.Ng5 Bg8 54.Nh3 Bf7 55.Nf2 Be6 56.Nd1 Bd5 57.Nc3 Bc6
58.Kd3 Bd7 59.Ne2 Kd5 60.Nd4 Kd6 61.Nf3 Be8 62.Ng5 Kd5 63.Kc3 Bc6 64.Kd3 Be8
65.Nf3 Bc6 66.Nd4 Bd7 67.Ne2 Be8 68.Nc3+ Kd6 69.Kd4 Bc6 70.Nb1 Bd7 71.a4 bxa4
72.Na3 Be6 73.b5 Bb3 74.Nb1 Bc2 75.Na3 Bb3 76.Nb1 Bd1 77.Na3 Be2 78.Ke3 Bd1
79.Kd4 Be2 80.Ke3 Bf1 81.Kd4 a6 82.bxa6 Bxa6 83.Nc2 Kc6 84.Na3 Kb6 85.Nc2 Bf1
86.Ne3 Bb5 87.Nd5+ Ka5 88.Kc3 Be8 89.Kb2 Bf7 90.Nf6 Kb4 91.Nd7 Be8 92.Nf8 Kc4
93.Ne6 Kd3 94.Ng5 Ke3  0-1

[Event "WY BU14 2012"]
[Site "Maribor SLO"]
[Date "2012.11.12"]
[Round "6.15"]
[White "Pranav,V"]
[Black "Gu,Christopher"]
[Result "1/2-1/2"]
[WhiteElo "2127"]
[BlackElo "2283"]

1.d4 Nf6 2.c4 e6 3.g3 Bb4+ 4.Bd2 Be7 5.Bg2 d5 6.Nf3 O-O 7.O-O c6 8.Qc2 b6
9.Bf4 Bb7 10.Rd1 Nbd7 11.Nc3 Nh5 12.Bc1 f5 13.b3 Rc8 14.Bb2 Bd6 15.e3 Qe7
16.Ne2 Nhf6 17.Rac1 Rfd8 18.Qb1 Ne4 19.Ne5 Nxe5 20.dxe5 Bb8 21.f3 Ng5 22.c5 Ba6
23.Qc2 Qxc5 24.Qxc5 bxc5 25.Kf2 c4 26.Nd4 Re8 27.Ne2 Red8 28.Ba3  1/2-1/2

[Event "WY GU18 2012"]
[Site "Maribor SLO"]
[Date "2012.11.16"]
[Round "9.13"]
[White "Baraeva,M"]
[Black "Yashchenko,O"]
[Result "1-0"]
[WhiteElo "2161"]
[BlackElo "1879"]

1.d4 Nf6 2.c4 e6 3.g3 Bb4+ 4.Bd2 Be7 5.Bg2 d5 6.Nf3 O-O 7.Qc2 c6 8.O-O b6
9.cxd5 cxd5 10.Nc3 Bb7 11.Ne5 Nfd7 12.f4 Nxe5 13.fxe5 Nc6 14.Be3 Rc8 15.a3 Na5
16.b3 Bg5 17.Bxg5 Qxg5 18.Rf3 Rc7 19.Qb2 Rfc8 20.Rd1 Ba6 21.Bf1 h5 22.h4 Qh6
23.Kh2 Nc6 24.b4 Ne7 25.b5 Bb7 26.Bh3 Ng6 27.Rdf1 Nxe5 28.dxe5 d4 29.Nd1 Bxf3
30.Rxf3 Rc2 31.Qxd4 Rd2 32.Rd3 Rxe2+ 33.Bg2 Qc1 34.Ne3 Ra2 35.Rd1 Qxa3 36.Qd7 Rc3
37.Rf1 Qf8 38.Rf3 Raa3 39.Qd4 Rd3 40.Qf4 Rab3 41.Qe4 Qc5 42.Qf4 Qc7 43.Qg5 Qc5
44.Qf4 Qc7 45.Qg5 Qc5 46.Qf4 Qc7 47.Bf1 Rd2+ 48.Kh3 Rbb2 49.g4 Qe7 50.gxh5 Rb4
51.Nc4 Rd5 52.h6 g6 53.h5 g5 54.Rg3 Kh7 55.Rxg5 Rb3+ 56.Ne3 Rb4 57.Rg7+ Kh8
58.Bc4 Rdxb5 59.Qe4  1-0

[Event "WY GU18 2012"]
[Site "Maribor SLO"]
[Date "2012.11.18"]
[Round "11.14"]
[White "Lepeskaite,M"]
[Black "Real Pereyra,D"]
[Result "0-1"]
[WhiteElo "1803"]
[BlackElo "2077"]

1.d4 Nf6 2.c4 e6 3.g3 Bb4+ 4.Bd2 Qe7 5.Bg2 O-O 6.Nc3 Nc6 7.Nf3 d6 8.a3 Bxc3
9.Bxc3 e5 10.d5 Nb8 11.Nd2 a5 12.b4 a4 13.O-O Ne8 14.e4 f5 15.Bh3 Bd7 16.Rc1 f4
17.Bg2 b6 18.Re1 g5 19.h3 g4 20.hxg4 fxg3 21.fxg3 Qg5 22.Qe2 Nf6 23.Nf3 Qxg4
24.Nxe5 Qxg3 25.Nxd7 Nbxd7 26.Qe3 Qg6 27.e5 Ng4 28.Qh3 Ndxe5 29.Bxe5 Nxe5
30.Re3 Rf4 31.Rg3 Rg4 32.Rcc3 Rf8 33.Be4 Qxe4 34.Re3 Qxe3+  0-1

[Event "2nd UNAM Open Section I 2012"]
[Site "Mexico City MEX"]
[Date "2012.11.22"]
[Round "2.4"]
[White "Garmendez Gonzalez,F"]
[Black "Cordova,E"]
[Result "0-1"]
[WhiteElo "2293"]
[BlackElo "2568"]

1.d4 Nf6 2.c4 e6 3.g3 Bb4+ 4.Bd2 c5 5.Bxb4 cxb4 6.Bg2 O-O 7.Nf3 d6 8.O-O Nc6
9.Nbd2 a5 10.Rc1 Qe7 11.h3 Rd8 12.e4 e5 13.d5 Nb8 14.Ne1 Na6 15.Nd3 Nd7 16.f4 Nac5
17.Nxc5 Nxc5 18.f5 f6 19.Kh2 Bd7 20.Rf3 b5 21.Bf1 bxc4 22.Bxc4 Rdc8 23.g4 Na4
24.Rb1 Rc5 25.Qg1 Rac8 26.Bd3 Bb5 27.Bxb5 Rxb5 28.Nb3 Nb6 29.Nxa5 Nxd5 30.Nb3 Nf4
31.Rc1 Rbb8 32.Rxc8+ Rxc8 33.Qb6 d5 34.exd5 Nxd5 35.Qa6 Rc2+ 36.Kg3 Nf4 37.Rf2 Rxf2
38.Kxf2 h5 39.gxh5 Kh7 40.Ke1 Qd7 41.Nd2 Qxf5 42.Qc4 Qxh5 43.Qe4+ f5 44.Qf3 Qh4+
45.Kd1 e4 46.Qe3 Ng2 47.Qe2 Qxh3 48.Nxe4 Qh1+ 49.Kc2 Ne1+ 50.Kd2 fxe4 51.Qxe1 Qg2+
52.Qe2 Qg5+ 53.Kc2 Qc5+ 54.Kd2 Qd4+ 55.Ke1 Qe5 56.a4 b3 57.Kf2 Qf4+ 58.Ke1 g6
59.a5 Qc1+ 60.Kf2 Qc5+ 61.Qe3 Qxa5 62.Qxe4 Qc5+ 63.Kg3 Qe5+ 64.Kf2 Qf4+ 65.Ke1 Qd2+
66.Kxd2  0-1

[Event "British Rapidplay"]
[Site "Leeds ENG"]
[Date "2012.11.24"]
[Round "1.4"]
[White "Combie,A"]
[Black "Cobb,J"]
[Result "0-1"]
[WhiteElo "2051"]
[BlackElo "2423"]

1.d4 Nf6 2.c4 e6 3.g3 Bb4+ 4.Nd2 d5 5.Bg2 O-O 6.Nf3 b6 7.O-O Bb7 8.Qc2 Nbd7
9.e4 dxe4 10.Ng5 Bxd2 11.Bxd2 c5 12.Be3 Qc7 13.Nxe4 Nxe4 14.Bxe4 Bxe4 15.Qxe4 cxd4
16.Qxd4 Rad8 17.Qc3 Nf6 18.Rac1 Ng4 19.c5 Nxe3 20.Qxe3 bxc5 21.Rxc5 Qb6 22.Qc3 Qa6
23.Qa5 Qb7 24.Rc7 Qxb2 25.Rxa7 h6 26.Qa3 Qe2 27.Qe3 Qb5 28.Ra3 Rd5 29.Rb3 Qa4
30.a3 Rfd8 31.Rfb1 Kh7 32.Rb4 Qa6 33.Re1 Rd1 34.Rb1 R1d3 35.Qe4+ g6 36.Qb7 Qxb7
37.Rxb7 Kg7 38.Ra7 Kf6 39.Kg2 Rc8 40.Rb1 Rf8 41.Rbb7 g5 42.Kf1 g4 43.Ke2 Rf3
44.Rb4 h5 45.Ra5 Kg6 46.Rbb5 Rc8 47.Rg5+ Kf6 48.Rxh5 Rc2+ 49.Kd1 Rfxf2 50.Rac5 Ra2
51.Ke1 Rg2 52.Kf1 Rgb2 53.Rc1 Rxa3 54.Rh4 Kg5 55.Rc5+ f5 56.Rc1 Raa2 57.Rh8 Rxh2
58.Rg8+ Kf6 59.Rf8+ Ke5 60.Re1+ Kd5 61.Rd8+ Kc5 62.Rc1+ Kb6 63.Kg1 Rhg2+
64.Kh1 Rxg3 65.Rb8+ Ka7 66.Rb4 Rh3+ 67.Kg1 Rg3+ 68.Kh1 Rh3+ 69.Kg1 Rh7 70.Rbb1 Rb7
71.Ra1 Rxa1 72.Rxa1+ Kb8 73.Re1  0-1

[Event "2nd UNAM Open Section I 2012"]
[Site "Mexico City MEX"]
[Date "2012.11.25"]
[Round "7.2"]
[White "Cordova,E"]
[Black "Hernandez Carmenates,Hold"]
[Result "0-1"]
[WhiteElo "2568"]
[BlackElo "2562"]

1.d4 Nf6 2.c4 e6 3.g3 Bb4+ 4.Bd2 Bxd2+ 5.Qxd2 d5 6.Bg2 c6 7.Nf3 Nbd7 8.Qc2 O-O
9.O-O b6 10.Nc3 Bb7 11.Rfd1 Qc7 12.e4 dxe4 13.Ng5 c5 14.Nb5 Qb8 15.Nxe4 Bxe4
16.Bxe4 Nxe4 17.Qxe4 a6 18.Nc3 Rd8 19.dxc5 Nxc5 20.Rxd8+ Qxd8 21.Qf3 Rc8
22.Rd1 Qc7 23.b3 h6 24.Rd4 Rd8 25.Rxd8+ Qxd8 26.b4 Nd3 27.a3 Ne5 28.Qe4 Qc7
29.Qa8+ Kh7 30.Qxa6 Nxc4 31.a4 Ne5 32.Ne2 Qc2 33.Nf4 Qb1+ 34.Qf1 Qxb4 35.Qe2 Qd4
36.h4 g6 37.Kg2 Kg7 38.Qc2 g5 39.Nh5+ Kf8 40.Nf6 gxh4 41.f4 Nc4 42.Qb3 Qxf6
43.Qxc4 Qg6 44.Qb4+ Kg7 45.Qxb6 Qxg3+ 46.Kh1 Qf3+ 47.Kg1 Qd1+ 48.Kg2 Qxa4
49.Qb2+ Kg6  0-1

[Event "62nd ch-GRE 2012"]
[Site "Athens GRE"]
[Date "2012.11.26"]
[Round "3"]
[White "Galopoulos,N"]
[Black "Mastrovasilis,A"]
[Result "0-1"]
[WhiteElo "2372"]
[BlackElo "2500"]

1.d4 Nf6 2.c4 e6 3.g3 Bb4+ 4.Nd2 c5 5.a3 Bxd2+ 6.Qxd2 Nc6 7.dxc5 Ne4 8.Qe3 Qa5+
9.Bd2 Nxd2 10.Qxd2 Qxc5 11.Rc1 b6 12.Bg2 Bb7 13.Nf3 Nd4 14.b4 Qd6 15.Kf1 Nf5
16.Qxd6 Nxd6 17.Ne5 f6 18.Bxb7 Nxb7 19.Nd3 Ke7 20.Kg2 Rhc8 21.Rc2 Rc7 22.Rhc1 Rac8
23.e4 Nd6 24.c5 bxc5 25.Rxc5 Rxc5 26.Rxc5 Rxc5 27.Nxc5 Nb5 28.a4 Nc3 29.a5 d6
30.Nb3 Nxe4 31.Nd4 Kd7 32.b5 Nc5 33.f4 g6 34.g4 e5 35.fxe5 fxe5 36.Nf3 Ne4  0-1

[Event "CCSCSL IM Inv"]
[Site "Saint Louis USA"]
[Date "2012.11.27"]
[Round "3.1"]
[White "Sharevich,A"]
[Black "Bartell,T"]
[Result "1/2-1/2"]
[WhiteElo "2291"]
[BlackElo "2418"]

1.d4 Nf6 2.c4 e6 3.g3 Bb4+ 4.Bd2 Qe7 5.Bg2 Nc6 6.Nf3 Bxd2+ 7.Nbxd2 O-O 8.O-O d6
9.e4 e5 10.d5 Nb8 11.Ne1 a5 12.Nd3 Na6 13.a3 Bg4 14.f3 Bd7 15.Nb1 c6 16.Nc3 Rfc8
17.Qd2 cxd5 18.cxd5 Nc5 19.Nxc5 Rxc5 20.Rfc1 Qd8 21.Nd1 Rac8 22.Rxc5 Rxc5
23.Ne3 Qc7 24.Bf1 a4 25.Bd3 g6 26.Kg2 h5 27.h3 h4 28.g4 Nh7 29.Nd1 g5 30.Nc3 f6
31.Ne2 Nf8 32.Rc1 Ng6 33.Rxc5 Qxc5 34.Qb4 Qe3 35.Bb5 Bxb5 36.Qxb5 Kf8 37.Qc4 Kg7
38.Qc7+ Kh6 39.Qc2 b5 40.Qd1 Kg7 41.Qc2 Kh6 42.Qd1 Nf8 43.Nc3 Ng6 44.Ne2  1/2-1/2

[Event "Doroshkevicha Mem Open 2012"]
[Site "Sochi RUS"]
[Date "2012.11.30"]
[Round "5"]
[White "Baraeva,I"]
[Black "Trubchaninov,Artem"]
[Result "1-0"]
[WhiteElo "2174"]
[BlackElo "1698"]

1.d4 Nf6 2.c4 e6 3.g3 Bb4+ 4.Bd2 Bxd2+ 5.Nxd2 d5 6.Bg2 c6 7.Ngf3 O-O 8.O-O b6
9.Rc1 Ba6 10.b4 Nbd7 11.Qb3 Rc8 12.Qa3 Nb8 13.Rfd1 Qe7 14.Qb3 Bb7 15.e3 Rc7
16.a4 Nbd7 17.Rc2 Rfc8 18.Rdc1 c5 19.dxc5 bxc5 20.b5 h6 21.Qb2 Ba8 22.Ne5 Nxe5
23.Qxe5 Nd7 24.Qc3 Rb8 25.Nb3 Rbc8 26.Qd2 dxc4 27.Na5 Ne5 28.Qe2 Nd3 29.Rb1 Bxg2
30.Kxg2 Nb4 31.Rxc4 Qg5 32.Rbc1 Qd5+ 33.e4 Qd3 34.Qh5 Qd6 35.Nb3 Nd3 36.Rd1 Rd8
37.Kg1 Qe7 38.Qe2 Rcd7 39.Rd2 Qg5 40.h4 Qf6 41.Kg2 Qg6 42.Kh2 Qf6 43.Rdc2 Ne5
44.R4c3 c4 45.Na5 Rd3 46.Kg2 Nf3 47.e5 Qg6 48.Rxc4 Nd4 49.Rxd4 R3xd4 50.Nc6 Re4
51.Ne7+ Kh7 52.Nxg6 Rxe2 53.Nf8+ Rxf8 54.Rxe2 Rd8 55.Kf3 Rd4 56.Re4 Rd5 57.Kf4 Rd2
58.Ke3 Rb2 59.Rf4 Kg8 60.Kd3 Kf8 61.f3 Rb1 62.Rc4 Rd1+ 63.Ke4 Rd7 64.h5 Ke7
65.Rc8 f6 66.exf6+ Kxf6 67.g4 Rd6 68.Rc6 Rd7 69.Ra6 Rc7 70.Rc6 Rd7 71.Rc5 Rd6
72.Rc7 a6 73.Rc6  1-0

[Event "TCh-CZE Extraliga 2012-13"]
[Site "Czech Republic CZE"]
[Date "2012.12.01"]
[Round "3.8"]
[White "Cernousek,L"]
[Black "Kulhanek,T"]
[Result "1-0"]
[WhiteElo "2434"]
[BlackElo "2387"]

1.d4 Nf6 2.c4 e6 3.g3 Bb4+ 4.Bd2 a5 5.Bg2 O-O 6.Nf3 d6 7.O-O Bxd2 8.Qxd2 Nbd7
9.Nc3 e5 10.dxe5 dxe5 11.Nb5 Re8 12.Rad1 Re7 13.c5 c6 14.Nd6 Nf8 15.Qg5 Qc7
16.Nxe5 h6 17.Qf4 Be6 18.Nec4 Ng6 19.Qd4 Bg4 20.f3 Be6 21.e4 Rd8 22.e5 Nd5
23.f4 Nb4 24.a3 Na6 25.Nb6 Bb3 26.Rd3 a4 27.Bh3 Nf8 28.f5 f6 29.e6 Qb8 30.Rc1 Qa7
31.Nbc8  1-0

[Event "TCh-CZE Extraliga 2012-13"]
[Site "Czech Republic CZE"]
[Date "2012.12.02"]
[Round "4.8"]
[White "Cech,P"]
[Black "Londyn,R"]
[Result "1-0"]
[WhiteElo "2376"]
[BlackElo "2339"]

1.d4 Nf6 2.c4 e6 3.g3 Bb4+ 4.Bd2 a5 5.Bg2 O-O 6.Nf3 b6 7.Ne5 Ra7 8.O-O Bb7
9.Bxb7 Rxb7 10.Bg5 Be7 11.Nc3 h6 12.Bxf6 Bxf6 13.e3 d6 14.Qf3 Qc8 15.Nc6 Nxc6
16.Qxc6 Rb8 17.Nb5 e5 18.Rad1 exd4 19.exd4 Qb7 20.Qxc7 Qxc7 21.Nxc7 Rbc8
22.Nd5 Rxc4 23.Nxb6 Rc2 24.Nd7 Re8 25.Nxf6+ gxf6 26.Rd3 Rxb2 27.Ra3 Ree2
28.Rxa5 Rxa2 29.Rd5 Ra6 30.Rd1 Raa2 31.Rf5 Kg7 32.Rd3 Rad2 33.Rxd2 Rxd2 34.Rd5 Kf8
35.Rxd6 Ke7 36.Rd5 Ke6 37.Rh5 Rxd4 38.Rxh6 Ke7 39.Rh8 f5 40.Kg2 Rd3 41.h4 Kf6
42.Rg8 Rd4 43.Kf3 Rd1 44.Ra8 Rd3+ 45.Kf4 Rd4+ 46.Ke3 Re4+ 47.Kf3 Rb4 48.Ra6+ Kg7
49.h5 Rg4 50.h6+ Kg8 51.Rf6 Rg5 52.Kf4 Rh5 53.f3 Kf8 54.Ra6 Ke7 55.Ra7+ Kf8
56.Ra8+ Ke7 57.Rh8 Rh3 58.g4 fxg4 59.fxg4 Rh1 60.g5 Rf1+ 61.Ke3 Rh1 62.h7  1-0

[Event "4th Penang Heritage City Open"]
[Site "Penang MAS"]
[Date "2012.12.14"]
[Round "7.13"]
[White "Turqueza,M"]
[Black "Masruri,R"]
[Result "0-1"]
[WhiteElo "2255"]
[BlackElo "2123"]

1.d4 Nf6 2.c4 e6 3.g3 Bb4+ 4.Bd2 Qe7 5.Nc3 O-O 6.Bg2 d6 7.Nf3 e5 8.O-O Bxc3
9.Bxc3 e4 10.Ng5 Re8 11.d5 Bf5 12.Qd4 h6 13.Nh3 Nbd7 14.Rae1 a6 15.f3 b5
16.g4 Bg6 17.f4 bxc4 18.e3 Qf8 19.Qd1 Rab8 20.Nf2 Rb5 21.h4 h5 22.f5 Bh7
23.Bxf6 Nxf6 24.g5 Nxd5 25.Nxe4 Bxf5 26.Rxf5 Nxe3 27.Rxe3 Rxf5 28.Rg3 d5
29.Nc3 Qd6 30.Rf3 Rxf3 31.Qxf3 c6 32.Bf1 Qe5 33.a3 Rb8 34.Qf2 Rb7 35.Nd1 Re7
36.Qf3 Qd4+ 37.Nf2 Qxh4 38.Nh3 Qg4+ 39.Qxg4 hxg4 40.Nf4 Rb7 41.Kf2 Rxb2+
42.Kg3 c3 43.Bd3 c2 44.Ne2 Rb3 45.Nc1 Rb1  0-1

[Event "TCh-NED Meesterklasse 2012-13"]
[Site "Netherland NED"]
[Date "2012.12.15"]
[Round "5.5"]
[White "Kabatianski,A"]
[Black "Martens,M"]
[Result "1-0"]
[WhiteElo "2404"]
[BlackElo "2431"]

1.d4 Nf6 2.c4 e6 3.g3 Bb4+ 4.Bd2 Qe7 5.Bg2 Nc6 6.e3 O-O 7.Ne2 e5 8.d5 Bxd2+
9.Qxd2 Nb8 10.d6 Qxd6 11.Qxd6 cxd6 12.Nbc3 Ne8 13.O-O-O f5 14.Rd2 Rf6 15.Rhd1 Kf8
16.Nb5 Ke7 17.Nec3 Rh6 18.h3 Nc6 19.g4 fxg4 20.hxg4 Rh2 21.f4 h6 22.Ne4 exf4
23.exf4 d5 24.cxd5 Nb4 25.Re2 Rxg2 26.Rxg2 d6 27.a3 Bd7 28.Nbc3 Na6 29.Re1 Kd8
30.f5 Rc8 31.Kd2 b5 32.Rf1 Rc4 33.b3 Rc8 34.f6 gxf6 35.Nxf6 Nc5 36.b4 Na4
37.Nxa4 bxa4 38.Nxd7 Kxd7 39.Rf7+ Kd8 40.Re2  1-0

[Event "Subotica IM 2012"]
[Site "Subotica SRB"]
[Date "2012.12.17"]
[Round "6.3"]
[White "Tancik,K"]
[Black "Djokic,Nen"]
[Result "0-1"]
[WhiteElo "2287"]
[BlackElo "2384"]

1.d4 Nf6 2.c4 e6 3.g3 Bb4+ 4.Bd2 Qe7 5.Nf3 Bxd2+ 6.Qxd2 O-O 7.Bg2 d6 8.O-O e5
9.Nc3 c6 10.e4 Re8 11.Rfe1 a5 12.Rac1 Bg4 13.h3 Bxf3 14.Bxf3 Na6 15.d5 cxd5
16.cxd5 Nc5 17.Kg2 Qd8 18.Qe2 Ra6 19.Rc2 Rb6 20.Nb1 Rb4 21.Nd2 Rd4 22.Kh2 Qb6
23.Bg2 g6 24.f3 h5 25.h4 Nd3 26.Ra1 a4 27.Nc4 Qa6 28.Na3 Nd7 29.Bf1 N7c5
30.Qe3 Qb6 31.Nc4 Qd8 32.a3 Nb3 33.Rd1 Ndc5 34.Rxd4 Nxd4 35.Rd2 b5  0-1

[Event "19th Zadar Open A"]
[Site "Zadar CRO"]
[Date "2012.12.17"]
[Round "3.12"]
[White "Ivanov,Bor BUL"]
[Black "Kurajica,B"]
[Result "1-0"]
[WhiteElo "2227"]
[BlackElo "2565"]

1.d4 Nf6 2.c4 e6 3.g3 Bb4+ 4.Bd2 c5 5.Bxb4 cxb4 6.Bg2 O-O 7.Nf3 d6 8.O-O Qe7
9.a3 bxa3 10.Rxa3 b6 11.Nc3 Bb7 12.d5 e5 13.Nh4 g6 14.Qd2 Nh5 15.Qh6 f5 16.e4 Ng7
17.exf5 gxf5 18.Nb5 Rf6 19.Qg5 Qf7 20.Rxa7 Rxa7 21.Nxa7 f4 22.Ra1 Na6 23.Nc6 Bc8
24.Nf5 Bxf5 25.Rxa6 h6 26.Qh4 Bd3 27.Rxb6 e4 28.Rb7 Qxb7 29.Qxf6 e3 30.fxe3 fxe3
31.Ne7+ Kh7 32.Qf8 h5 33.Qg8+ Kh6 34.Qh8+ Bh7 35.Be4  1-0

[Event "23rd Metropolitan GM"]
[Site "Los Angeles USA"]
[Date "2012.12.19"]
[Round "1"]
[White "Yang,Dar"]
[Black "Amanov,Z"]
[Result "1/2-1/2"]
[WhiteElo "2493"]
[BlackElo "2359"]

1.d4 Nf6 2.c4 e6 3.g3 Bb4+ 4.Bd2 c5 5.Bxb4 cxb4 6.Bg2 O-O 7.e4 d6 8.Ne2 e5
9.O-O Bg4 10.f3 Be6 11.Qd3 Qb6 12.Kh1 exd4 13.Nxd4 Nbd7 14.Nxe6 fxe6 15.Nd2 a5
16.Rfd1 Nc5 17.Qe2 Rad8 18.Nf1 Rfe8 19.Rd2 Qc7 20.Rad1 Qe7 21.Ne3 Rd7 22.Nc2 b3
23.axb3 Nxb3 24.Rd3 Nc5 25.Ra3 Qd8 26.Nd4 Qb6 27.Nb5 Red8 28.Bh3 Kf7 29.Qe3 a4
30.Rad3 Qa6 31.R3d2 Qc6 32.Na7 Qa6 33.Nb5 Qc6 34.Qf4 Ke7 35.Qg5 Kf7 36.Qf4 Ke7
37.Nd4 Qa6 38.e5 dxe5 39.Qxe5 Qxc4 40.Nf5+ Kf8 41.Rxd7 Rxd7 42.Rxd7 Ncxd7
43.Qd6+ Kg8 44.Nh6+ Kh8  1/2-1/2

[Event "Norberto La Porta Open A"]
[Site "Buenos Aires ARG"]
[Date "2012.12.22"]
[Round "6"]
[White "Mareco,S"]
[Black "Flores,Di"]
[Result "1/2-1/2"]
[WhiteElo "2568"]
[BlackElo "2599"]

1.d4 Nf6 2.c4 e6 3.g3 Bb4+ 4.Bd2 Bxd2+ 5.Qxd2 c5 6.dxc5 Ne4 7.Qc2 Qa5+ 8.Nd2 Nxd2
9.Qxd2 Qxc5 10.Bg2 O-O 11.Rc1 Nc6 12.Nf3 b5 13.cxb5 Qxb5 14.O-O Rb8 15.b3 d5  1/2-1/2

[Event "5th Marseille Open"]
[Site "Marseille FRA"]
[Date "2012.12.27"]
[Round "3.26"]
[White "Meunier,Clement2"]
[Black "Joubert,Leo"]
[Result "1/2-1/2"]
[WhiteElo "2027"]
[BlackElo "1734"]

1.d4 Nf6 2.c4 e6 3.g3 Bb4+ 4.Bd2 Qe7 5.Bg2 Nc6 6.Nf3 Bxd2+ 7.Nbxd2 d6 8.O-O O-O
9.e4 e5 10.d5 Nb8 11.b4 Bg4 12.Qc2 Bxf3 13.Nxf3 Nbd7 14.Rac1 a5 15.a3 axb4
16.axb4 Ra3 17.Ra1 Rfa8 18.Rxa3 Rxa3 19.Qb2 Ra8 20.Nd2 Qe8 21.Ra1 Qb8 22.Ra3 Rxa3
23.Qxa3 c5 24.Nb3 cxb4 25.Qxb4 Qc7 26.Qa4 g6 27.Qa8+ Kg7 28.Qa4 Nc5 29.Nxc5 Qxc5
30.Bf3 Qc7 31.Qb5 Nd7 32.Bg2 Nc5 33.h4 Qd7 34.Qxd7 Nxd7 35.Bh3 Nc5 36.f3 Kf6
37.Kf2 Ke7 38.Ke3 Kf8 39.Bc8 Ke7 40.Bh3 Kf8 41.g4 h6 42.g5 Kg7 43.Bc8 b6
44.Kd2 f6 45.gxh6+ Kxh6 46.Bg4 Nb3+ 47.Ke3 Nd4 48.f4 Kg7 49.fxe5 fxe5 50.Kd3 Kf6
51.Ke3 Kg7 52.Kf2 Kf6 53.Kg3 Nc2 54.Kf2 Nd4 55.Bd1 Kg7 56.Kg3 Kf7 57.Kg4 Kf6
58.Kh3 Kf7 59.Kg4 Kf6 60.Ba4 Ne2 61.Bb3 Nf4 62.Bc2 Ne2 63.Ba4 Nf4 64.Bd1 Nd3
65.Bc2 Nf4 66.Bb1 Nh5 67.Ba2 Nf4 68.Bb3 Ne2 69.Bd1 Nf4 70.Ba4 Ne2 71.Bd1 Nf4
72.Bf3 Nd3 73.Be2 Nf4 74.Bf1 Nh5  1/2-1/2